Marvel Ultimate Alliance 3 Character Map Quiz Stats

 Plays Quiz not verified by Sporcle

Score 0/22 Timer 10:00
6 Plays Today
% Correct
Hulk
97%
Spider-Man
93%
Spider-Man
92.9%
Thor
92.4%
Captain America
92.1%
Iron Man
92%
Wolverine
90.2%
Groot
88.7%
Black Panther
88.4%
Deadpool
88.2%
Captain Marvel
88.1%
% Correct
Doctor Strange
87.9%
Black Widow
86.3%
Venom
85.9%
Rocket Raccoon
85%
Star Lord
82.3%
Daredevil
80%
Scarlet Witch
78%
Falcon
77.7%
Storm
75.9%
Nightcrawler
65.8%
Spider-Woman
62.8%

You're not logged in!

Compare scores with friends on all Sporcle quizzes.
OR
Log In

Sporcle TV

Today on Sporcle TV


Watch our educational content, quiz creation guides, and fun videos on Sporcle TV.

Show Comments

Extras

Top Quizzes Today


Score Distribution

Your Account Isn't Verified!

In order to create a playlist on Sporcle, you need to verify the email address you used during registration. Go to your Sporcle Settings to finish the process.

Report this User

Report this user for behavior that violates our Community Guidelines.

Details: